Search the Library Catalogue
| 000 -LEADER | |
|---|---|
| fixed length control field | 00508nam a2200181Ia 4500 |
| 008 - FIXED-LENGTH DATA ELEMENTS--GENERAL INFORMATION | |
| fixed length control field | 191130s9999##################000#0#eng## |
| 020 ## - INTERNATIONAL STANDARD BOOK NUMBER | |
| ISBN | 9781845934538 |
| 082 ## - DEWEY DECIMAL CLASSIFICATION NUMBER | |
| Classification number | 790.1 CUS |
| 100 ## - MAIN ENTRY--AUTHOR NAME | |
| Personal name | Cushman, Grant |
| 245 ## - TITLE STATEMENT | |
| Title | Free time and leisure participation |
| Statement of responsibility, etc | Grant Cushman, Anthony J. Veal, Jiri Zuzanek |
| 260 ## - PUBLICATION, DISTRIBUTION, ETC. (IMPRINT) | |
| Place of publication | Wallingford, UK |
| Name of publisher | CAB International |
| 300 ## - PHYSICAL DESCRIPTION | |
| Number of Pages | 298p |
| 650 ## - SUBJECT ADDED ENTRY--TOPICAL TERM | |
| Topical Term | game |
| 991 ## - | |
| -- | 356431 |
| Withdrawn status | Lost status | Damaged status | Not for loan | Home library | Current library | Shelving location | Date acquired | Full call number | Accession Number | Price effective from | Koha item type |
|---|---|---|---|---|---|---|---|---|---|---|---|
| Anna Centenary Library | Anna Centenary Library | 6TH FLOOR, B WING | 13.10.2020 | 790.1 CUS | 164218 | 13.10.2020 | English Books |